Capuchinho vermelho (Registo nº 6083)

Detalhes MARC
000 -Etiqueta do registo
Valores 00777cam a2200253 4500
010 ## - Número ISBN
ISBN 9726495172
021 ## - Número do Depósito Legal
Número 142935/99
100 ## - Dados gerais de processamento
Dados gerais 20211231d2000 c||y0pory5003 ba
200 1# - Titulo e menção de responsabilidade
Título próprio Capuchinho vermelho
Primeira menção de responsabilidade recont. Sam McBartney
Outras menções de responsabilidade trad. Inês ramalhete
-- ilust. Emma Chichester Clark
210 #9 - Publicação
Local de publicação Porto
Nome do editor Ambar,
Data de publicação 2000
215 ## - Descrição física 
Paginação / Volumes 29, [3] p.
Outras indicações físicas il.
Dimensões 28 cm
225 2# - Colecção 
Título próprio da colecção Clássicos dos contos de fadas
606 ## - Nome comum usado como assunto
ID Autoridade 14
Palavra de ordem Literatura infantil
606 ## - Nome comum usado como assunto
ID Autoridade 13
Palavra de ordem Literatura Estrangeira
675 ## - CDU
Notação 82-93
Edição BN
Língua por
675 ## - CDU
Notação 821.1/.8
Edição BN
Língua por
700 ## - Autor principal (pessoa individual)
Apelido McBratney
Nome Sam
Datas 1943-2020
ID Autoridade 5249
702 ## - Autor secundário (pessoa individual)
Apelido Clark
Nome Emma Chichester
ID Autoridade 5792
702 ## - Autor secundário (pessoa individual)
Apelido Ramalhete
Nome Inês
ID Autoridade 4470
801 #0 - Fonte de origem
País PT
Agência BMVN
Regras de catalogação RPC
830 ## - Notas gerais do catalogador
Criado por Ana Caetano
Data de criação 31/12/2021
990 ## - Elementos KOHA
Tipo de documento Livro
Exemplares
Situação do levantamento Biblioteca de origem Código de barras Cota Permissão de empréstimo Tipo de documento Forma de aquisição
  Biblioteca Municipal de Vendas Novas 100000024079 LI EST/MCB   Livro  

Powered by Koha